Zvyšovanie plodivosti semenných sadov smrekovca a borovice sosny hnojením

Bibliographic Details
Main Author: Hoffmann, Ján (Author)
Format: Article
Language:Slovak
PhysicalDescription:Lit. 6 zázn. v slov., ruš., nem., angl.
Subjects:

MARC

LEADER 00000nab a2200000 a 4500
001 vtls000278766
003 SK-MaSNL
005 20260303164028.0
008 160204c1986 xo 0 slo
015 |a SNBRA19rr/mm-uuuuu 
035 |a CL0288884 
040 |a SNKBUCL  |b slo  |c SNKBUCL  |e AACR2 
041 0 |a slo 
044 |a xo  |c SK 
080 |a 630 232:582.475.2/.4:631.811  |2 1981 
080 |a 582.475.2/.4  |2 1981 
080 |a 631.811  |2 1981 
100 1 |a Hoffmann, Ján  |4 aut  |9 404764 
245 1 0 |a Zvyšovanie plodivosti semenných sadov smrekovca a borovice sosny hnojením  |c Ján Hoffmann 
300 |b Lit. 6 zázn. v slov., ruš., nem., angl. 
650 0 7 |a semenárstvo  |2 snkbucl  |9 22375 
650 0 7 |a borovica lesná  |2 snkbucl  |9 74068 
650 0 7 |a smrekovec opadavý  |2 snkbucl  |9 51673 
650 0 7 |a hnojivá  |2 snkbucl  |9 15432 
655 7 |a články zo zborníkov  |2 snkbucl  |9 166140 
773 0 |t Siedma celoštátna semenársko-šľachtiteľská konferencia  |d Žilina : Dom techniky ČSVTS, 1986 
850 |a Slovenská národná knižnica v Martine  |a MTA001 
852 |a SNK  |b KIS3GCP 
958 |a NB 
958 |a RK 
992 |a RZB 
999 |c 2062829  |d 2064759